Dĺžkové nadmiery pri výrobe bukových podvalov v n.p. Bučina, Zvolen

Bibliographic Details
Main Authors: Šúriková, Anna, 1945- (Author), Detvaj, Juraj, 1948- (Author)
Format: Article
Language:Slovak
PhysicalDescription:Obr. 3. Tb. 8., lit. 5 zázn. v slov.
Subjects:

MARC

LEADER 00000nab a2200000 a 4500
001 vtls000357456
003 SK-MaSNL
005 20260303215057.0
008 160204c1989 xo 0 slo
015 |a SNBRA19rr/mm-uuuuu 
035 |a CL0357578 
040 |a SNKBUCL  |b slo  |c SNKBUCL  |e AACR2 
041 0 |a slo 
044 |a xo  |c SK 
080 |a 674.06:625.142.2  |2 1981 
080 |a 625.142.2  |2 1981 
080 |a 674.06  |2 1981 
080 |a 674.038.3  |2 1981 
100 1 |a Šúriková, Anna,  |d 1945-  |4 aut  |9 112051 
245 1 0 |a Dĺžkové nadmiery pri výrobe bukových podvalov v n.p. Bučina, Zvolen  |c Anna Šúriková, Juraj Detvaj 
300 |b Obr. 3. Tb. 8., lit. 5 zázn. v slov. 
650 0 7 |a podvaly železničné  |2 snkbucl  |9 951463 
650 0 7 |a Bučina, Zvolen  |2 snkbucl  |9 900247 
651 7 |a 5311  |2 snkbucl  |9 277975 
655 7 |a články zo zborníkov  |2 snkbucl  |9 166140 
700 1 |a Detvaj, Juraj,  |d 1948-  |4 aut  |9 99738 
773 0 |t Priemyselné spracovanie bukového dreva  |d Zvolen : Vysoká škola lesnícka a drevárska, 1989  |g S. 147-156 
850 |a Slovenská národná knižnica v Martine  |a MTA001 
852 |a SNK  |b KIS3GCP 
958 |a NB 
958 |a RK 
992 |a RZB 
999 |c 2220013  |d 2221943